00929cam a2200241 a 450000100100000000500170001000800410002704000300006808200180009810000440011624500640016026000530022430000280027750000560030565000310036165000530039265000290044565000310047491000340050504900090053995201220054899900170067000001767420200929165206.0741213s1958 sp a 001 p spa d aDO-SdBNPbspacDLCdBNPHU a928.46bA366e1 aAleixandre, Vicente,d1898-1984.91407014aLos encuentros /cVicente Aleixandre ; Dibujos de Zamorano. aMadrid, España :bEdiciones Guadarrama,c1958. a301 p. :bil. ;c20 cm. aSemblanzas personales alusivas a poetas españoles 4aAutores españoles938499 4aLiteratos españolesxRelatos personales933951 4aPoesía española9631 4aLiteratura española9632 aCatalogación por copia / LC aBNGR 001054708MOaGRbGRcCTd2010-03-29iLF1l0o928.46 A366ep17674-10r2020-06-25w2020-06-25y4ZPréstamo en sala c17199d17199